[Event "Junior Online 4NCL Division 5"]
[Site "online"]
[Date "2021.03.18"]
[EventDate "2021.03.18"]
[Round "5.286"]
[White "Large, Marcus"]
[WhiteElo "903"]
[WhiteTeam "MCS Tenners B"]
[Black "Hansjee, Sebastian"]
[BlackElo "900"]
[BlackTeam "The Hall 5"]
[Result "1-0"]
[PlyCount "59"]

1. e4 Nc6 2. Nc3 d6 3. Nf3 e5 4. d3 Nf6 5. Bg5 h6 6. Be3 Be6 7. d4 exd4 8. Nxd4 Nxd4 9. Bxd4 c6 10. Qd2 d5 11. e5 Ng4 12. Qf4 Be7 13. Be2 Qd7 14. h3 h5 15. hxg4 Bxg4 16. Qe3 O-O-O 17. f3 Be6 18. Bxa7 f6 19. Bb6 Rde8 20. O-O-O fxe5 21. Qxe5 Bf6 22. Qf4 Bxc3 23. bxc3 Ref8 24. Qe5 g6 25. Ba7 Kd8 26. Bb6+ Kc8 27. Rd4 Rf5 28. Qg3 c5 29. Ra4 Qc7 30. Qxc7# 1-0

[Event "Junior Online 4NCL Division 5"]
[Site "online"]
[Date "2021.03.18"]
[EventDate "2021.03.18"]
[Round "5.287"]
[White "Dean, Eskander"]
[WhiteElo "900"]
[WhiteTeam "The Hall 5"]
[Black "Parekh, Cole"]
[BlackElo "937"]
[BlackTeam "MCS Tenners B"]
[Result "1-0"]
[PlyCount "31"]

1. d4 d5 2. Bf4 e6 3. Nc3 Nc6 4. Nf3 Nf6 5. e3 Bd6 6. Bb5 Bxf4 7. Bxc6+ bxc6 8. exf4 O-O 9. O-O Ba6 10. Re1 Rb8 11. Rb1 Ne4 12. Nxe4 dxe4 13. Ng5 Qc8 14. Rxe4 Bb7 15. Qh5 c5 16. Qxh7# 1-0

[Event "Junior Online 4NCL Division 5"]
[Site "online"]
[Date "2021.03.18"]
[EventDate "2021.03.18"]
[Round "5.288"]
[White "Zayed, Tashinga"]
[WhiteElo "963"]
[WhiteTeam "MCS Tenners B"]
[Black "Penderis, Oliver"]
[BlackElo "900"]
[BlackTeam "The Hall 5"]
[Result "0-1"]
[PlyCount "36"]

1. Nf3 Nc6 2. Nd4 Nxd4 3. e3 Nc6 4. d4 d5 5. Nc3 Nf6 6. Na4 Bg4 7. f3 Bf5 8. e4 dxe4 9. fxe4 Nxe4 10. Bd3 Nd6 11. Nc3 Nxd4 12. Ne2 Nxe2 13. Qxe2 e6 14. Qd1 Ne4 15. h4 Bb4+ 16. Kf1 Bc5 17. Bg5 Qd4 18. c3 Qf2# 0-1

[Event "Junior Online 4NCL Division 5"]
[Site "online"]
[Date "2021.03.18"]
[EventDate "2021.03.18"]
[Round "5.291"]
[White "Shah, Kian"]
[WhiteElo "925"]
[WhiteTeam "Harrow Juniors H"]
[Black "Anchan, Arjun"]
[BlackElo "940"]
[BlackTeam "Maidenhead Juniors 6"]
[Result "0-1"]
[PlyCount "40"]

1. e4 b6 2. f3 Bb7 3. d3 e6 4. Bg5 Nf6 5. Nh3 Be7 6. Bxf6 Bxf6 7. Nf4 Bxb2 8. Nd2 Bxa1 9. Qxa1 O-O 10. Nxe6 dxe6 11. d4 Nc6 12. d5 exd5 13. exd5 Nb4 14. d6 Nxc2+ 15. Kd1 Nxa1 16. dxc7 Qxc7 17. f4 Qxf4 18. Nc4 Rad8+ 19. Bd3 Rxd3+ 20. Nd2 Qxd2# 0-1

[Event "Junior Online 4NCL Division 5"]
[Site "online"]
[Date "2021.03.18"]
[EventDate "2021.03.18"]
[Round "5.292"]
[White "Dasgupta, Soumyajit"]
[WhiteElo "927"]
[WhiteTeam "Maidenhead Juniors 6"]
[Black "Parikh, Aadhya"]
[BlackElo "1000"]
[BlackTeam "Harrow Juniors H"]
[Result "1-0"]
[PlyCount "33"]

1. e4 e5 2. Nf3 Nc6 3. Bc4 Nf6 4. d3 Bc5 5. Nc3 d6 6. Qe2 Bg4 7. O-O O-O 8. h3 Bxf3 9. Qxf3 Bb4 10. Bd2 Bxc3 11. Bxc3 g6 12. Rfe1 Ne7 13. Qxf6 Qe8 14. Bd2 Nd5 15. Bxd5 Rd8 16. Bh6 c6 17. Qg7# 1-0

[Event "Junior Online 4NCL Division 5"]
[Site "online"]
[Date "2021.03.18"]
[EventDate "2021.03.18"]
[Round "5.293"]
[White "Benhamou, Ilan"]
[WhiteElo "900"]
[WhiteTeam "Harrow Juniors H"]
[Black "Paw, Henry"]
[BlackElo "873"]
[BlackTeam "Maidenhead Juniors 6"]
[Result "0-1"]
[PlyCount "118"]

1. d4 d5 2. Nc3 Nf6 3. Nf3 Nc6 4. Bg5 Bg4 5. h3 Bxf3 6. gxf3 e6 7. Bxf6 Qxf6 8. e3 Bb4 9. a3 Bxc3+ 10. bxc3 O-O 11. Bb5 a6 12. Bxc6 bxc6 13. O-O Rab8 14. Rb1 Rxb1 15. Qxb1 Qxf3 16. Qd1 Qxh3 17. Re1 Rb8 18. Qd3 Qg4+ 19. Kh2 Qh4+ 20. Kg2 Qg5+ 21. Kf1 e5 22. Qxa6 exd4 23. Qa7 Rc8 24. Qb7 Re8 25. exd4 Rxe1+ 26. Kxe1 Qe7+ 27. Kd2 Qg5+ 28. Kd3 Qf5+ 29. Kd2 Qxf2+ 30. Kc1 Qf4+ 31. Kb2 h5 32. Qb8+ Kh7 33. Qe8 h4 34. Qxc6 h3 35. Qxd5 h2 36. c4 Qh4 37. Qh1 Qxd4+ 38. Kc1 Qf4+ 39. Kb2 Qd4+ 40. Kb3 Qg1 41. Qxg1 hxg1=Q 42. a4 Qb6+ 43. Kc3 Qa5+ 44. Kb3 c5 45. c3 f5 46. Kc2 f4 47. Kd1 Qxc3 48. Ke2 Qxc4+ 49. Kd2 f3 50. a5 f2 51. a6 Qxa6 52. Kd1 f1=Q+ 53. Kd2 Qa2+ 54. Kc3 Qfa1+ 55. Kd3 Qd1+ 56. Ke4 Qae2+ 57. Kf5 Qdf1+ 58. Kg5 Qeg2+ 59. Kh5 Qfh1# 0-1

[Event "Junior Online 4NCL Division 5"]
[Site "online"]
[Date "2021.03.18"]
[EventDate "2021.03.18"]
[Round "5.295"]
[White "Anchan, Arjun"]
[WhiteElo "940"]
[WhiteTeam "Maidenhead Juniors 6"]
[Black "Shah, Kian"]
[BlackElo "925"]
[BlackTeam "Harrow Juniors H"]
[Result "1-0"]
[PlyCount "61"]

1. e4 e5 2. Nf3 f6 3. Bc4 d6 4. Nc3 Na6 5. O-O Bh3 6. g3 Bg2 7. Kxg2 Be7 8. Bd5 Nb4 9. Bxb7 Rb8 10. Bd5 Nxd5 11. exd5 Rb5 12. Nxb5 g5 13. h3 c6 14. dxc6 Qa5 15. a4 Qb6 16. c7 Kd7 17. c4 Nh6 18. a5 Rg8 19. d3 Nf5 20. g4 Ne3+ 21. Bxe3 Rg6 22. Bxb6 axb6 23. axb6 Rg8 24. b7 Ra8 25. Rxa8 Bd8 26. c8=Q+ Ke8 27. Qxd8+ Kf7 28. b8=Q f5 29. Qd7+ Kg6 30. Qg8+ Kh6 31. Qdg7# 1-0

[Event "Junior Online 4NCL Division 5"]
[Site "online"]
[Date "2021.03.18"]
[EventDate "2021.03.18"]
[Round "5.297"]
[White "Paw, Henry"]
[WhiteElo "873"]
[WhiteTeam "Maidenhead Juniors 6"]
[Black "Benhamou, Ilan"]
[BlackElo "900"]
[BlackTeam "Harrow Juniors H"]
[Result "1-0"]
[PlyCount "91"]

1. e4 e5 2. Nf3 Nc6 3. Bc4 Nf6 4. d3 Bb4+ 5. Nc3 Bxc3+ 6. bxc3 Ng4 7. Bg5 Nxf2 8. Kxf2 f6 9. Bh4 g5 10. Bg3 f5 11. exf5 Na5 12. Bxe5 Nxc4 13. Bxh8 Nb2 14. Qb1 Nxd3+ 15. cxd3 Ke7 16. f6+ Kd6 17. f7 Qxh8 18. Nxg5 Qf8 19. Nxh7 Qxf7+ 20. Ke2 Qxh7 21. Qb4+ Kd5 22. Qc4+ Ke5 23. Qd4+ Ke6 24. Qc4+ Kf6 25. Qd4+ Kg6 26. Qe4+ Kh6 27. Qxh7+ Kxh7 28. Rhf1 d6 29. Rf7+ Kg8 30. Rxc7 Bg4+ 31. Ke3 Re8+ 32. Kf4 Bh5 33. g4 Bg6 34. Kg5 Bf7 35. Kf6 Re6+ 36. Kf5 Kg7 37. Rf1 Rf6+ 38. Kg5 Rxf1 39. h4 Rf6 40. h5 Kh7 41. Kxf6 Kg8 42. Rxf7 Kh8 43. Rf8+ Kh7 44. g5 d5 45. g6+ Kh6 46. Rh8# 1-0

[Event "Junior Online 4NCL Division 5"]
[Site "online"]
[Date "2021.03.18"]
[EventDate "2021.03.18"]
[Round "5.301"]
[White "Kovalev, Rostislav"]
[WhiteElo "800"]
[WhiteTeam "Brentwood School C"]
[Black "Patel, Shailen"]
[BlackElo "977"]
[BlackTeam "Harrow Juniors G"]
[Result "1-0"]
[PlyCount "111"]

1. e4 c5 2. Nf3 Nc6 3. Bc4 Nf6 4. Nc3 e6 5. d3 Be7 6. Bf4 d6 7. Nb5 Qb6 8. Nc3 O-O 9. O-O h6 10. a3 Bd7 11. Qc1 Rad8 12. h3 Rfe8 13. Re1 a6 14. Na4 Qa5 15. Nc3 e5 16. Bd2 Bf8 17. Nd5 Nxd5 18. Bxa5 Nxa5 19. Bxd5 Be6 20. Bxe6 Rxe6 21. b4 cxb4 22. axb4 Nc6 23. c3 Be7 24. Rb1 d5 25. exd5 Rxd5 26. d4 Bf6 27. dxe5 Nxe5 28. Nxe5 Bxe5 29. Qc2 b5 30. Qb3 Rdd6 31. Rbd1 Rxd1 32. Rxd1 Bd6 33. g3 Re2 34. Rxd6 Re5 35. Qc2 g6 36. Rxa6 Re7 37. Ra8+ Kg7 38. Qd2 h5 39. Qd8 Re1+ 40. Kg2 Kh6 41. Qh8+ Kg5 42. h4+ Kg4 43. Qd4+ Kf5 44. Qf4+ Ke6 45. Ra6+ Kd5 46. Qd6+ Kc4 47. Qd4+ Kb3 48. Qd5+ Kxc3 49. Rc6+ Kxb4 50. Qc5+ Ka4 51. Ra6+ Kb3 52. Ra3+ Kb2 53. Qb4+ Kc2 54. Rc3+ Kd1 55. Qd4+ Ke2 56. Re3# 1-0

[Event "Junior Online 4NCL Division 5"]
[Site "online"]
[Date "2021.03.18"]
[EventDate "2021.03.18"]
[Round "5.302"]
[White "Petriuc, Stefan"]
[WhiteElo "1000"]
[WhiteTeam "Harrow Juniors G"]
[Black "Faleye, Reuel"]
[BlackElo "850"]
[BlackTeam "Brentwood School C"]
[Result "0-1"]
[PlyCount "34"]

1. e4 e5 2. Nf3 Nc6 3. Be2 Nf6 4. O-O Bc5 5. d4 exd4 6. Bf4 Nxe4 7. c3 dxc3 8. bxc3 Nxf2 9. Qe1 Ne4+ 10. Kh1 Nf2+ 11. Rxf2 Bxf2 12. Qxf2 O-O 13. Bg5 f6 14. Bc4+ d5 15. Bxd5+ Qxd5 16. Qf1 fxg5 17. Nxg5 Rxf1# 0-1

[Event "Junior Online 4NCL Division 5"]
[Site "online"]
[Date "2021.03.18"]
[EventDate "2021.03.18"]
[Round "5.303"]
[White "Jassar, Ryan"]
[WhiteElo "800"]
[WhiteTeam "Brentwood School C"]
[Black "Patel, Anay"]
[BlackElo "835"]
[BlackTeam "Harrow Juniors G"]
[Result "1-0"]
[PlyCount "101"]

1. e3 e5 2. d3 Nc6 3. f4 d6 4. fxe5 dxe5 5. d4 exd4 6. exd4 Nxd4 7. Ne2 Nf6 8. Nxd4 Bc5 9. Qe2+ Be6 10. Nxe6 fxe6 11. Qxe6+ Qe7 12. Bb5+ Kf8 13. Qxe7+ Kxe7 14. Rf1 Rad8 15. Rf2 Ne4 16. Re2 Kf8 17. Rxe4 Kf7 18. Bc4+ Kf6 19. h4 Kf5 20. Bd3 Rd5 21. Rd4+ Ke5 22. Bf4+ Kf6 23. Rxd5 Ke6 24. Bc4 Bf2+ 25. Kxf2 Kf6 26. Nd2 Re8 27. Re1 Rxe1 28. Kxe1 Ke6 29. Rh5+ Kf6 30. Ne4+ Kg6 31. Rg5+ Kh6 32. Rc5+ Kg6 33. Bd3 b6 34. Nd6+ Kf6 35. Rf5+ Ke6 36. Ne8 Ke7 37. Nxc7 Kd7 38. h5 Ke7 39. h6 gxh6 40. Bxh6 Kd6 41. Nd5 Kc5 42. g4 Kd6 43. g5 Kd7 44. Rf7+ Ke8 45. Rxh7 Kd8 46. g6 Ke8 47. g7 Kf7 48. Nf6 Kxf6 49. g8=Q Ke5 50. Re7+ Kf6 51. Qf7# 1-0

[Event "Junior Online 4NCL Division 5"]
[Site "online"]
[Date "2021.03.18"]
[EventDate "2021.03.18"]
[Round "5.305"]
[White "Patel, Shailen"]
[WhiteElo "977"]
[WhiteTeam "Harrow Juniors G"]
[Black "Kovalev, Rostislav"]
[BlackElo "800"]
[BlackTeam "Brentwood School C"]
[Result "0-1"]
[PlyCount "92"]

1. e4 e5 2. Nf3 Nc6 3. Bc4 h6 4. O-O Nf6 5. Nc3 Bc5 6. b3 d6 7. Bb2 O-O 8. d3 Qe7 9. Nd5 Nxd5 10. exd5 Na5 11. Bb5 a6 12. Bc4 Nxc4 13. dxc4 Bf5 14. h3 c6 15. Re1 Bd7 16. Qd2 a5 17. Rad1 Bb4 18. Bc3 Bxc3 19. Qxc3 cxd5 20. Rxd5 Bc6 21. Rd3 b6 22. Ree3 Rab8 23. Rd2 Rbd8 24. Qb2 b5 25. Qc3 bxc4 26. Qxc4 Bxf3 27. Rxf3 Ra8 28. Rfd3 Rac8 29. Qa4 Rfd8 30. Qa3 Ra8 31. Rxd6 Rxd6 32. Rxd6 Qc7 33. b4 Qxd6 34. bxa5 Qxa3 35. c4 Qd6 36. Kf1 Rb8 37. Ke2 Rb2+ 38. Ke3 Qd4+ 39. Kf3 Qxf2+ 40. Ke4 Qf4+ 41. Kd5 Rd2+ 42. Kc5 Rc2 43. a6 Qxc4+ 44. Kb6 Rb2+ 45. Ka7 Qc7+ 46. Ka8 Rb8# 0-1

[Event "Junior Online 4NCL Division 5"]
[Site "online"]
[Date "2021.03.18"]
[EventDate "2021.03.18"]
[Round "5.306"]
[White "Faleye, Reuel"]
[WhiteElo "850"]
[WhiteTeam "Brentwood School C"]
[Black "Petriuc, Stefan"]
[BlackElo "1000"]
[BlackTeam "Harrow Juniors G"]
[Result "1-0"]
[PlyCount "37"]

1. e4 e5 2. Nc3 Nc6 3. Bc4 Bc5 4. Nf3 d6 5. d3 Be6 6. Bg5 Qc8 7. Bxe6 fxe6 8. O-O h6 9. Bh4 g5 10. Bg3 Nb4 11. Nb5 c6 12. Nc3 d5 13. exd5 cxd5 14. Nxe5 Nf6 15. Ng6 Rg8 16. Ne5 Qc7 17. Ng6 Qb8 18. Bxb8 Rxb8 19. Ne5 1-0

[Event "Junior Online 4NCL Division 5"]
[Site "online"]
[Date "2021.03.18"]
[EventDate "2021.03.18"]
[Round "5.307"]
[White "Patel, Anay"]
[WhiteElo "835"]
[WhiteTeam "Harrow Juniors G"]
[Black "Jassar, Ryan"]
[BlackElo "800"]
[BlackTeam "Brentwood School C"]
[Result "0-1"]
[PlyCount "102"]

1. e4 d6 2. Nf3 e6 3. Bc4 Nc6 4. O-O Qf6 5. Nc3 Qg6 6. Nh4 Qg5 7. Nf3 Qh6 8. d4 Qg6 9. Nh4 Qf6 10. Be3 Qxh4 11. Nb5 Qd8 12. Nc3 e5 13. Qd2 Qf6 14. Bg5 Qg6 15. Bd5 Nxd4 16. Be3 Bh3 17. Bg5 Be6 18. Rfc1 Bxd5 19. Nxd5 Rc8 20. Nb4 Qxe4 21. Nd5 Qxd5 22. Qb4 Ne2+ 23. Kf1 Nd4 24. Qa4+ Nb5 25. Rd1 Qc6 26. Qb4 Nd4 27. Qd2 Nxc2 28. Qe3 Nxe3+ 29. Bxe3 Qb5+ 30. Ke1 d5 31. Bg5 Bb4+ 32. Bd2 Qa5 33. Rac1 Bxd2+ 34. Rxd2 Nf6 35. Rd1 Ne4 36. f3 Nxd2 37. Rxd2 O-O 38. g3 Rfd8 39. g4 Rd6 40. h4 Rb6 41. b3 e4 42. f4 e3 43. Ke2 Qxd2+ 44. Kf3 Re8 45. f5 e2 46. Kf2 e1=Q+ 47. Kf3 Re3+ 48. Kf4 Qd4+ 49. Kg5 Qf1 50. Kh5 Rh6+ 51. Kg5 Qf6# 0-1

[Event "Junior Online 4NCL Division 5"]
[Site "online"]
[Date "2021.03.18"]
[EventDate "2021.03.18"]
[Round "5.311"]
[White "Roets, Daniel"]
[WhiteElo "1008"]
[WhiteTeam "Wimbledon Juniors B"]
[Black "Mallia, Luca"]
[BlackElo "922"]
[BlackTeam "Surrey Kings 5"]
[Result "1-0"]
[PlyCount "91"]

1. e4 e5 2. Nf3 Nc6 3. Bc4 Bc5 4. d4 d6 5. dxc5 dxc5 6. Qxd8+ Nxd8 7. Nxe5 Nf6 8. Nc3 Bg4 9. Be3 O-O 10. Bxc5 b6 11. Bxf8 Kxf8 12. Bd5 c6 13. Bxc6 Nxc6 14. Nxc6 Bd7 15. Ne5 Bc6 16. O-O Bxe4 17. Nxe4 Nxe4 18. Nd7+ Ke8 19. Ne5 f6 20. Rae1 fxe5 21. Rxe4 Rd8 22. Rxe5+ Kf7 23. b3 g6 24. Rfe1 Kf6 25. h3 Kf7 26. a4 a6 27. c4 b5 28. cxb5 axb5 29. axb5 Rd7 30. b6 Rb7 31. Rb5 Kf6 32. Rc1 Kf7 33. Rc6 Ke7 34. Rd5 Rd7 35. Rxd7+ Kxd7 36. Rc7+ Kd8 37. Rc1 Kd7 38. b7 Kd8 39. b8=Q+ Kd7 40. b4 Ke6 41. Qd8 Ke5 42. Re1+ Kf4 43. Qf8+ Kg5 44. Re5+ Kh4 45. Qf6+ g5 46. Qxg5# 1-0

[Event "Junior Online 4NCL Division 5"]
[Site "online"]
[Date "2021.03.18"]
[EventDate "2021.03.18"]
[Round "5.312"]
[White "Baker, Luke"]
[WhiteElo "909"]
[WhiteTeam "Surrey Kings 5"]
[Black "Ali, Rayyan"]
[BlackElo "1000"]
[BlackTeam "Wimbledon Juniors B"]
[Result "0-1"]
[PlyCount "52"]

1. e4 b6 2. Nf3 Bb7 3. Bc4 g6 4. d3 e6 5. Nc3 Bb4 6. Bf4 d6 7. O-O Bxc3 8. bxc3 a6 9. a4 Qf6 10. Bg5 Qxc3 11. h3 Nc6 12. Rb1 Nd4 13. Nxd4 Qxd4 14. Qe1 h6 15. Be3 Qe5 16. f4 Qh5 17. g4 Qxh3 18. Rd1 Nf6 19. g5 Nxe4 20. dxe4 Bxe4 21. Rd2 h5 22. Rh2 Qg4+ 23. Kf2 Qf3+ 24. Kg1 Qg4+ 25. Kf2 h4 26. Rg1 Qf3# 0-1

[Event "Junior Online 4NCL Division 5"]
[Site "online"]
[Date "2021.03.18"]
[EventDate "2021.03.18"]
[Round "5.313"]
[White "Kou, Edward"]
[WhiteElo "925"]
[WhiteTeam "Wimbledon Juniors B"]
[Black "Fairrie, Ralph"]
[BlackElo "916"]
[BlackTeam "Surrey Kings 5"]
[Result "1-0"]
[PlyCount "111"]

1. e4 e5 2. Nf3 Nc6 3. Bc4 Bc5 4. Ng5 Nf6 5. O-O O-O 6. d3 Ng4 7. Qxg4 d6 8. Qh4 h6 9. Nf3 Qxh4 10. Nxh4 g5 11. Nf5 Bxf5 12. exf5 Nd4 13. f6 Nxc2 14. Bxg5 hxg5 15. Nd2 Nxa1 16. Rxa1 d5 17. Bxd5 c6 18. Be4 Kh8 19. Nb3 Bb6 20. Rd1 Rg8 21. d4 exd4 22. Nxd4 g4 23. Nf5 g3 24. hxg3 Rae8 25. Re1 Re5 26. Nh6 Rg6 27. Nxf7+ Kh7 28. Bxg6+ Kxg6 29. Nxe5+ Kxf6 30. Nd7+ Kf7 31. g4 Kg7 32. Nxb6 axb6 33. g3 c5 34. f4 b5 35. Kg2 c4 36. Kf3 b4 37. b3 c3 38. f5 c2 39. Kf4 Kf6 40. g5+ Kg7 41. g4 Kf7 42. Rc1 b6 43. Rxc2 b5 44. Rc5 Ke7 45. Rxb5 Kd6 46. Rxb4 Kc6 47. Rd4 Kc5 48. Ke5 Kb5 49. Kd5 Kb6 50. Rc4 Kb5 51. a3 Kb6 52. Kd6 Kb5 53. Rc5+ Kb6 54. b4 Ka6 55. Kc7 Ka7 56. Ra5# 1-0

[Event "Junior Online 4NCL Division 5"]
[Site "online"]
[Date "2021.03.18"]
[EventDate "2021.03.18"]
[Round "5.314"]
[White "Ambrose, Ferran"]
[WhiteElo "925"]
[WhiteTeam "Surrey Kings 5"]
[Black "Tinworth, Frederick"]
[BlackElo "925"]
[BlackTeam "Wimbledon Juniors B"]
[Result "1/2-1/2"]
[PlyCount "150"]

1. e4 e5 2. Qf3 d6 3. Bc4 Nf6 4. h3 Nc6 5. g4 Nd4 6. Qd3 Nc6 7. c3 Na5 8. Bb3 Nxb3 9. axb3 Be7 10. g5 Nh5 11. Qf3 Nf4 12. d4 Ng6 13. dxe5 dxe5 14. Nd2 Bxg5 15. Nf1 Bxc1 16. Rxc1 O-O 17. Rd1 Qf6 18. Qxf6 gxf6 19. Ne3 Nf4 20. Ne2 Nxe2 21. Kxe2 Be6 22. c4 Rfd8 23. Rhg1+ Kh8 24. Rxd8+ Rxd8 25. Rg3 Rg8 26. Rxg8+ Kxg8 27. h4 h5 28. Nf5 Bxf5 29. exf5 c5 30. Kd2 b6 31. Kc3 Kf8 32. b4 cxb4+ 33. Kxb4 Ke7 34. Kb5 Kd7 35. Ka6 Kd6 36. Kxa7 e4 37. Kxb6 Ke5 38. Kc5 Kf4 39. Kb5 Kf3 40. c5 Kxf2 41. c6 e3 42. c7 e2 43. c8=Q e1=Q 44. Qc2+ Kf1 45. Qd3+ Kf2 46. b4 Qe8+ 47. Ka5 Qa8+ 48. Kb6 Qa4 49. Qc4 Kg3 50. Kc5 Qa7+ 51. Kb5 Qb7+ 52. Ka4 Qd7+ 53. Kb3 Qxf5 54. b5 Qe6 55. Qxe6 fxe6 56. b6 f5 57. b7 f4 58. b8=Q e5 59. Qb4 f3 60. Qe1+ f2 61. Qe3+ Kg2 62. Qe4+ Kg1 63. Qg6+ Kh2 64. Qd3 Kg1 65. Qe2 f1=Q 66. Qxf1+ Kxf1 67. Kc3 Kf2 68. Kd3 Kg3 69. Ke4 Kxh4 70. Kxe5 Kg4 71. Ke4 h4 72. Ke3 h3 73. Kf2 Kh4 74. Kg1 Kg3 75. Kh1 h2 1/2-1/2

[Event "Junior Online 4NCL Division 5"]
[Site "online"]
[Date "2021.03.18"]
[EventDate "2021.03.18"]
[Round "5.315"]
[White "Mallia, Luca"]
[WhiteElo "922"]
[WhiteTeam "Surrey Kings 5"]
[Black "Roets, Daniel"]
[BlackElo "1008"]
[BlackTeam "Wimbledon Juniors B"]
[Result "0-1"]
[PlyCount "46"]

1. e4 d5 2. Nc3 dxe4 3. Nxe4 Nc6 4. Nf3 Qd5 5. Nc3 Qf5 6. Bd3 Qg4 7. h3 Qxg2 8. Rg1 Qxh3 9. Bf1 Qe6+ 10. Qe2 Qxe2+ 11. Bxe2 Nf6 12. d3 Bg4 13. Rxg4 Nxg4 14. Nd2 Nd4 15. Bxg4 Nxc2+ 16. Ke2 Nxa1 17. b3 e6 18. Ba3 Bxa3 19. Nc4 Bb4 20. a3 Bxc3 21. Bf3 Nxb3 22. Ne3 Nc5 23. Bxb7 Rb8 0-1

[Event "Junior Online 4NCL Division 5"]
[Site "online"]
[Date "2021.03.18"]
[EventDate "2021.03.18"]
[Round "5.316"]
[White "Ali, Rayyan"]
[WhiteElo "1000"]
[WhiteTeam "Wimbledon Juniors B"]
[Black "Baker, Luke"]
[BlackElo "909"]
[BlackTeam "Surrey Kings 5"]
[Result "1-0"]
[PlyCount "55"]

1. b3 e5 2. e4 Nf6 3. Nc3 Bc5 4. d3 Nc6 5. a3 d6 6. h3 O-O 7. Bb2 h6 8. b4 Bd4 9. Nf3 Bxc3+ 10. Bxc3 Qe7 11. Be2 Be6 12. O-O Rae8 13. b5 Nd8 14. d4 exd4 15. Nxd4 Nxe4 16. Bb2 c5 17. Nxe6 Qxe6 18. Bg4 Qe7 19. Re1 Qh4 20. Re2 Ng5 21. Qd2 Rxe2 22. Qxe2 a6 23. bxa6 bxa6 24. Rd1 Nb7 25. Qxa6 Nd8 26. Qxd6 Nb7 27. Qc7 f5 28. Qxg7# 1-0

[Event "Junior Online 4NCL Division 5"]
[Site "online"]
[Date "2021.03.18"]
[EventDate "2021.03.18"]
[Round "5.317"]
[White "Fairrie, Ralph"]
[WhiteElo "916"]
[WhiteTeam "Surrey Kings 5"]
[Black "Kou, Edward"]
[BlackElo "925"]
[BlackTeam "Wimbledon Juniors B"]
[Result "0-1"]
[PlyCount "70"]

1. e4 c6 2. Bc4 d5 3. exd5 cxd5 4. Bb3 Be6 5. Nc3 Nc6 6. Nf3 g6 7. d4 Nf6 8. Bf4 Bg7 9. Ba4 a6 10. Ne5 Bd7 11. Bg5 b5 12. Nxc6 Bxc6 13. Bb3 e6 14. Qd2 a5 15. O-O a4 16. Bxa4 bxa4 17. Rfe1 O-O 18. Re3 h6 19. Rh3 hxg5 20. Qxg5 Nh7 21. Qh4 Qxh4 22. Rxh4 Bxd4 23. Ne2 e5 24. Rd1 Bxb2 25. Rd3 a3 26. Rdh3 e4 27. Nc1 Bd7 28. Rb3 g5 29. Rh5 Bxc1 30. Rb7 Bf5 31. Rb6 Bg6 32. Rh4 gxh4 33. g3 h3 34. Rb7 Rab8 35. Rxb8 Rxb8 0-1

[Event "Junior Online 4NCL Division 5"]
[Site "online"]
[Date "2021.03.18"]
[EventDate "2021.03.18"]
[Round "5.318"]
[White "Tinworth, Frederick"]
[WhiteElo "925"]
[WhiteTeam "Wimbledon Juniors B"]
[Black "Ambrose, Ferran"]
[BlackElo "925"]
[BlackTeam "Surrey Kings 5"]
[Result "0-1"]
[PlyCount "36"]

1. e4 Nf6 2. Bd3 d5 3. f3 dxe4 4. fxe4 Nc6 5. Nc3 Bg4 6. Be2 Bxe2 7. Qxe2 Nd4 8. Qe3 Nxc2+ 9. Kd1 Nxe3+ 10. Ke2 Nc4 11. b3 Ne5 12. Nb5 Qd3+ 13. Kd1 Qf1+ 14. Kc2 Qxb5 15. Ba3 Nxe4 16. d4 Qd3+ 17. Kb2 Qc3+ 18. Kb1 Nd2# 0-1

[Event "Junior Online 4NCL Division 5"]
[Site "online"]
[Date "2021.03.18"]
[EventDate "2021.03.18"]
[Round "5.321"]
[White "Sundararaju, Ritvik"]
[WhiteElo "895"]
[WhiteTeam "Uxbridge Juniors Dynamos"]
[Black "Peverett, Kian"]
[BlackElo "925"]
[BlackTeam "Surrey Kings 3"]
[Result "0-1"]
[PlyCount "46"]

1. e4 c5 2. Bc4 e6 3. Nf3 a6 4. O-O b5 5. Be2 Nc6 6. g4 Be7 7. g5 d5 8. exd5 exd5 9. d3 Qc7 10. c4 dxc4 11. dxc4 f6 12. cxb5 axb5 13. gxf6 Nxf6 14. Bxb5 O-O 15. Qb3+ Kh8 16. Nc3 Ng4 17. h3 Rxf3 18. hxg4 Nd4 19. Qd5 Bb7 20. Qc4 Nxb5 21. Qb4 cxb4 22. Nxb5 Qc4 23. a3 Qxg4+ 0-1

[Event "Junior Online 4NCL Division 5"]
[Site "online"]
[Date "2021.03.18"]
[EventDate "2021.03.18"]
[Round "5.322"]
[White "Arora, Bukkan"]
[WhiteElo "1000"]
[WhiteTeam "Surrey Kings 3"]
[Black "Degun, Rubind"]
[BlackElo "883"]
[BlackTeam "Uxbridge Juniors Dynamos"]
[Result "1-0"]
[PlyCount "59"]

1. d4 d5 2. Nc3 Nf6 3. Bf4 Nc6 4. Nb5 Nxd4 5. Qxd4 e5 6. Bxe5 Nd7 7. Nxc7+ Ke7 8. Nxa8 Qc7 9. Bxc7 Ke6 10. Bg3 Kf5 11. Qf4+ Ke6 12. O-O-O Nc5 13. Qe5+ Kd7 14. Rxd5+ Kc6 15. Rxc5+ Kd7 16. Rc7+ Kd8 17. Bh4+ f6 18. Qd4+ Ke8 19. Rxc8+ Ke7 20. Nc7 Kf7 21. Qd7+ Be7 22. Rxh8 f5 23. Qxe7+ Kg6 24. Qd6+ Kh5 25. Rxh7+ Kg4 26. Qd4+ f4 27. h3+ Kf5 28. Qd5+ Kg6 29. Rh8 f3 30. Qe6# 1-0

[Event "Junior Online 4NCL Division 5"]
[Site "online"]
[Date "2021.03.18"]
[EventDate "2021.03.18"]
[Round "5.323"]
[White "Bhargava, Arnav"]
[WhiteElo "737"]
[WhiteTeam "Uxbridge Juniors Dynamos"]
[Black "Flanders, William"]
[BlackElo "907"]
[BlackTeam "Surrey Kings 3"]
[Result "0-1"]
[PlyCount "50"]

1. d4 d5 2. c4 c6 3. Nc3 g6 4. Nf3 Nf6 5. Bf4 Bg7 6. g3 O-O 7. Bg2 Bf5 8. O-O b6 9. b3 c5 10. dxc5 bxc5 11. a3 Nbd7 12. b4 cxb4 13. axb4 Rc8 14. Nd2 dxc4 15. Rxa7 Nh5 16. Bf3 Nxf4 17. gxf4 Bxc3 18. Bb7 Rb8 19. Nxc4 Bh3 20. Qc1 Bxf1 21. Kxf1 Bxb4 22. Nb2 Bc5 23. Ra8 Qb6 24. Ra6 Qxb7 25. Ra5 Qh1# 0-1

[Event "Junior Online 4NCL Division 5"]
[Site "online"]
[Date "2021.03.18"]
[EventDate "2021.03.18"]
[Round "5.324"]
[White "Salguero, Santiago"]
[WhiteElo "927"]
[WhiteTeam "Surrey Kings 3"]
[Black "Chopra, Nipun"]
[BlackElo "737"]
[BlackTeam "Uxbridge Juniors Dynamos"]
[Result "1-0"]
[PlyCount "43"]

1. e4 e5 2. Nf3 Bc5 3. Bc4 Qf6 4. Nc3 a6 5. Nd5 Qd6 6. d3 Ba7 7. Bg5 Qc5 8. Be3 Qd6 9. Bxa7 Rxa7 10. d4 Qh6 11. Nxe5 Nf6 12. Nxf6+ gxf6 13. Nxf7 Rg8 14. Nxh6 Rxg2 15. Qh5+ Ke7 16. Qf7+ Kd6 17. Qd5+ Ke7 18. Ng8+ Kd8 19. Qf7 d5 20. Bxd5 Bh3 21. Qe7+ Kc8 22. Qe8# 1-0

[Event "Junior Online 4NCL Division 5"]
[Site "online"]
[Date "2021.03.18"]
[EventDate "2021.03.18"]
[Round "5.325"]
[White "Peverett, Kian"]
[WhiteElo "925"]
[WhiteTeam "Surrey Kings 3"]
[Black "Sundararaju, Ritvik"]
[BlackElo "895"]
[BlackTeam "Uxbridge Juniors Dynamos"]
[Result "1-0"]
[PlyCount "129"]

1. e4 e5 2. Nf3 Qf6 3. Nc3 Bc5 4. Bc4 Qg6 5. O-O d6 6. d4 exd4 7. Nxd4 Bxd4 8. Qxd4 c5 9. Qd5 Nf6 10. Qd3 O-O 11. Qxd6 Nxe4 12. Nxe4 Qxd6 13. Nxd6 Be6 14. Bxe6 fxe6 15. Nxb7 Rf7 16. Nxc5 Nc6 17. Nxe6 Re8 18. Ng5 Nd4 19. Nxf7 Kxf7 20. Be3 Nxc2 21. Rac1 Nxe3 22. fxe3+ Kg6 23. Rc6+ Kg5 24. Rc7 Rxe3 25. Rxg7+ Kh6 26. Rg3 Re2 27. Rf4 Kh5 28. Rh3+ Kg5 29. Rf2 Re1+ 30. Rf1 Re5 31. Rxh7 Ra5 32. h4+ Kg4 33. a3 a6 34. b4 Rxa3 35. Ra7 Kxh4 36. b5 Rb3 37. bxa6 Ra3 38. Rh7+ Kg3 39. Rf3+ Rxf3 40. gxf3 Kxf3 41. a7 Kg4 42. a8=B Kg5 43. Rf7 Kg6 44. Rf2 Kg5 45. Kg2 Kg4 46. Rf3 Kg5 47. Kh3 Kg6 48. Rf4 Kg5 49. Kg3 Kh5 50. Rg4 Kh6 51. Kf4 Kh5 52. Kf5 Kh6 53. Kf6 Kh5 54. Rg1 Kh4 55. Kf5 Kh3 56. Kf4 Kh2 57. Rg8 Kh3 58. Kf3 Kh4 59. Kf4 Kh5 60. Bf3+ Kh6 61. Kf5 Kh7 62. Rg1 Kh6 63. Kf6 Kh7 64. Be4+ Kh6 65. Rh1# 1-0